000 00710nam a22002177a 4500
003 OSt
005 20251023054909.0
008 250923b |||||||| |||| 00| 0 eng d
020 _a13: 978-1-58255-559-1.
040 _aDWCL-Main lib.
_cOC
082 _aCirc. 610.73 Al416 2008
110 _aWilliams Lippincott
245 _aAll things nursing
260 _aPhiladelphia :
_bWolters Kluwer Health/Lippincott Williams & Wilkins,
_cc2008.
300 _avi, 662 pages :
_billustration ;
_c21 cm.
504 _aIncludes bibliographical references and index.
650 _21. Nursing-Handbooks, manuals, etc.
650 _22. Nursing-Methods-Handbooks.
710 _aWilkins
942 _2ddc
_cBK-CIRC
_kCirc.
_n0
999 _c4508
_d4508